| 000 | 00627cab a2200229 4500 | ||
|---|---|---|---|
| 001 | WB3332-34 | ||
| 008 | 090401t1997 xxu||||| |||| 00| 0 eng d | ||
| 035 | _a(Sirsi) u80288 | ||
| 041 | _aeng | ||
| 245 | _aMilk quota sales ahead | ||
| 260 | _c1997 | ||
| 350 | _a0 | ||
| 490 |
_aHerald _v14 August 1997, 26(1) |
||
| 520 | _aAccording to Bruton Knowles, milk quota sales for the first three months of 1997 are well ahead of last years figures. | ||
| 650 | _aBRUTON KNOWLES | ||
| 650 | _aFIGURES | ||
| 650 | _aMILK QUOTAS | ||
| 650 |
_aSales _96269 |
||
| 690 | _aRURAL PRACTICE | ||
| 942 | _n0 | ||
| 948 | _c15/08/1997 | ||
| 999 |
_c50553 _d50553 |
||